Регионална библиотека "Любен Каравелов" - Русе

Музикални картини (Запис номер 7232)

MARC детайли
000 -Лидер
Контролно поле с фиксирана дължина 01663nam a2200325 c 4500
003 - Код на организацията, давaща контролен номер
Контролно поле BLK
005 - Дата и час на последна редакция
Контролно поле 20180709170727.0
008 - Елементи от данни с фиксирана дължина
fixed length control field 180412b bul|||||r ||||||| ||bul||
010 ## - Наследен системен номер
LC control number KNG00008512000
020 ## - Международен стандартен номер на книга ISBN
Международен стандартен номер на книга ISBN 954-467-014-9
-- издат.: Агропрес
040 ## - Източник на каталожния запис
Идентификатор на билиотеката - собственик на записа BLK
041 ## - Код за език
Код за езика на текст/звукозапис или на отделно заглавие Български
Код за езика КДБФ Български
080 ## - УДК
Текстов определител УДК Развиване на мисълта. Подвижни упражнения - Упражняване на вниманието и способността за различаване, наблюдаване на природата, гимнастика, ритмични упражнения, ръчна работа и др.
УДК код - определител по УДК 372.36
УДК определител (075.2)
УДК - код + определител 372.36(075.2)
080 ## - УДК
Текстов определител УДК Методика по музика. Музика - учебни предмети
УДК код - определител по УДК 372.878
УДК определител (075.2)
УДК - код + определител 372.878(075.2)
100 1# - Редна дума - Автор
Автор Николова, Емилия Стефанова
Авторска отговорност първи автор
R(LIN) 252335
139 ## - Редно поле
Редна дума Николова, Емилия Стефанова
Авторски знак Николова - Н 75
245 10 - Сведения за заглавието
Заглавие Музикални картини
Подзаглавни данни За деца от предучилищна и нач. училищна възраст
Редно поле (дума) Емилия Стефанова Николова.
257 ## - Страна на издаване
Страна на създаване/издаване България
260 ## - Област на издателските данни
-- София
Име на издателя, разпространителя и проч. Агропрес
Година на издаване 1995
300 ## - Физическа характеристика
Страници 56 с.
Илюстрации и др. с цв. ил., ноти
Размери/Мащаб 22Х24 см
380 ## - Жанр
Жанр Детска отраслова лит.
500 ## - Общи забележки
Забележка 5 000 тир.
650 #4 - Допълнително описание по предмет – тема
Основно описание – тема или топоним Музикално възпитание - учебни помагала
9 (RLIN) 252336
650 #4 - Допълнително описание по предмет – тема
Основно описание – тема или топоним Музика - учебни помагала
9 (RLIN) 245997
852 ## - Местоположение
Форматна сигнатура Цб 184444
856 4# - Електронен адрес и достъп
Електронен формат pdf - файл
Път до файла /url/
856 4# - Електронен адрес и достъп
Електронен формат pdf - файл
Път до файла /url/
942 ## - АРТИКУЛИ
Вид на библиотечния материал Книги
Скрит в OPAC Не
Koha issues (borrowed), all copies 2
944 ## - СЪЗДАВАНЕ И РЕДАКЦИЯ на ЗАПИСА
Създаване/Редакция Създаване
Дата на регистрацията/редакция 15.01.2003
Статус, дата на статуса ф /
Служител, извършил регистрацията/редакцията Симона_Петрова
944 ## - СЪЗДАВАНЕ И РЕДАКЦИЯ на ЗАПИСА
Създаване/Редакция Редакция
Дата на регистрацията/редакция 13.08.2014
Статус, дата на статуса ф /
Служител, извършил регистрацията/редакцията
999 ## - СИСТЕМНИ КОНТРОЛНИ НОМЕРА
Koha biblionumber 7232
Koha biblioitemnumber 7232
Наличности
Код за отписване Код за изгубен артикул Източник на класификационната схема Код за повреда Коз за рестрикции Код за отдаване Артикулен № Име на библиотеката - собственик Име на библиотеката, в която се намира в момента Статус (Текущо местоположение) Дата на вписване в системата Местоположение - отдел Цена в лева Инвентарен номер Систематично азбучна сигнатура Баркод Номер на екземпляра Цена в евро Служебна бележка Служебен тип на артикула
  Не е изгубен Universal Decimal Classification Не е повреден без рестрикции ползва се в читалня 12511 Регионална библиотека "Любен Каравелов" Русе Регионална библиотека "Любен Каравелов" Русе Хранилище 2001-01-01 Хранилище 0.00 614802 Цб 184444 120000614802 1 0.00 N: стар фонд Дата инв: 14.08.2014 Бележки инв: Цб2014 Книги
Изтеглен Не е изгубен Universal Decimal Classification Не е повреден без рестрикции заемане за дома 12512 Регионална библиотека "Любен Каравелов" Русе Регионална библиотека "Любен Каравелов" Русе Детски отдел 2001-01-01 Детски отдел 0.90 617434 ДН 372.3/Н 75 120000617434 2 0.46 N: стар фонд Дата инв: 20.08.2015 Бележки инв: Д2015 Книги
Изтеглен Не е изгубен Universal Decimal Classification Не е повреден без рестрикции заемане за дома 12513 Регионална библиотека "Любен Каравелов" Русе Регионална библиотека "Любен Каравелов" Русе Детски отдел 2001-01-01 Детски отдел 0.90 617435 ДН 372.3/Н 75 120000617435 3 0.46 N: стар фонд Дата инв: 20.08.2015 Бележки инв: Д2015 Книги
Изтеглен Не е изгубен Universal Decimal Classification Не е повреден без рестрикции заемане за дома 12514 Регионална библиотека "Любен Каравелов" Русе Регионална библиотека "Любен Каравелов" Русе Детски отдел 2001-01-01 Детски отдел 0.00 617436 ДН 373.2/Н 75 Е 120000617436 4 0.00 N: стар фонд Дата инв: 20.08.2015 Бележки инв: Д2015 Книги
Изтеглен Не е изгубен Universal Decimal Classification Не е повреден   заемане за дома 689006 Регионална библиотека "Любен Каравелов" Русе Регионална библиотека "Любен Каравелов" Русе Детски отдел 2019-02-11 Детски отдел 5.50   ДН 372.3/Н 75 120000829643   2.81   Книги
Vip Innovations Ltd, Rousse, Bulgaria 2025